000 01125cam a22001934a 4500
005 20250605164130.0
008 250528s ||||||||||||||||||||||||d
035 _a18619
020 _a9607183118
040 _aGR-AtMCL
_bgre
_dGR-AtMCL
_eAACR2
245 1 _aΜαγκρίτ
260 _bΥποδομή,
_c1993
300 _a200
520 _aΦιλοσοφία και Ερμηνεία, Βιογραφικό Σημείωμα 1898-1925, Ο Χαμένος Αναβάτης, Ο Απειλούμενος Δολοφόνος, Σουρεαλισμός και Ποπ, Η Ανθρώπινη Κατάσταση, Το Μάθημα του Αντικειμένου, Η Χρήση των Λέξεων, ''Ιμπρεσιονιστική'' Περίοδος και ''Περίοδος της Αγελάδας'', Ο 'Ανθρωπος με το Σκληρό Καπέλο, Γλυπτική, Η Γραμμή της Ζωής, Προταί, Νατ Πίνκερτον, Ρενέ Μαγκρίτ του Άλλοτε, Βιβλιογραφία.
700 1 _aΓκάμπλικ Σούζι
_94886
942 _cBK
999 _c3967
_d3967